000 01027nas a2200325 4500
001 BR0601863
003 BR-BrBNA
005 20231205105954.0
007 ta
008 230509b bl.|||p| |||| 00| 00por d
040 _aBR-BrBNA
_bpor
_cBiblioteca Nacional de Agricultura
041 _a(Pt)
072 _aF02
100 1 _aZanol, G.C.
100 1 _aFortes, G.R. de L.
100 1 _aSilva, J.B. da
100 1 _aCampos, Â.D.
100 1 _aCentellas, A.Q.
100 1 _aMuller, N.T.
100 1 _aGottinari, R.A.
245 1 _aEscuro e ácido indolbutírico no enraizamento in vitro e atividade da peroxidase de porta-enxerto de macieira, cv. Marubakaido (Malus prunifolia)
650 _aMAÇÃ
650 _aENRAIZAMENTO
650 _aPEROXIDASE
650 _aPORTA ENXERTO
650 _aÁCIDO INDOLBUTÍRICO
773 0 _tRevista Brasileira de Agrociência (Brazil)
_xISSN 0104-8996
_g(Jan-Dec 1997), v. 3(1-3) p. 23-30
_wBR0601863
909 _a202311
_bLúcia
_c55
_dLúcia Elande
942 _2AGRIS
_n0
_cANA
999 _c185625
_d185625